| 000 | 00427nam a22001337a 4500 | ||
|---|---|---|---|
| 082 |
_a628.109549142 _bHOU _cD |
||
| 110 |
_aRWP Development Authority _944219 |
||
| 245 | _aPC-1 and rough cost estimate for urban water supply and sanitation project phase -1 for rawalpindi city | ||
| 260 |
_aRawalpindi _bRDA _c1993 |
||
| 300 |
_aNil _c50cm. |
||
| 526 |
_a0 _b0 _c0 _d628_109549142000000_HOU |
||
| 650 |
_aMCE _9379 |
||
| 942 |
_2ddc _cBK |
||
| 999 |
_c548044 _d548044 |
||